000 00551cam a2200181 4500500
005 20260405001449.0
041 _afre
042 _adc
100 1 0 _aGroulez, Raphaël
_eauthor
245 0 0 _aMission impensable / Mars 2013
260 _c2013.
500 _a43
690 _aCapitalisme
690 _aFélix Guattari
690 _aGilles Deleuze
786 0 _nPhilosophie magazine | 67 | 3 | 2013-03-01 | p. 52-52 | 1951-1787
856 4 1 _uhttps://shs.cairn.info/magazine-philosophie-magazine-2013-3-page-52?lang=fr&redirect-ssocas=7080
999 _c2047921
_d2047921